书目信息 |
| 题名: |
孤星血泪
|
|
| 作者: | 狄更斯 , Dickens , 王科一 著 | |
| 分册: | ||
| 出版信息: | 上海 上海译文出版社 1990.7 |
|
| 页数: | 428页 | |
| 开本: | 19厘米 | |
| 丛书名: | 世界文学名著普及本 | |
| 单 册: | ||
| 中图分类: | I561.44 | |
| 科图分类: | ||
| 主题词: | 长篇小说--英国--近代 | |
| 电子资源: | ||
| ISBN: | 7-5327-0941-8 | |
| 000 | 00887nam2 2200277 450 | |
| 001 | 0100334536 | |
| 005 | 20081204090427.0 | |
| 010 | @a7-5327-0941-8@dCNY6.5 | |
| 011 | @a7-5327-0941-8 | |
| 100 | @a20021005d1990 em y0chiy0110 ea | |
| 101 | 1 | @achi@ceng |
| 102 | @aCN@b310000 | |
| 105 | @ay z 000ay | |
| 106 | @ar | |
| 200 | 1 | @a孤星血泪@a又名,远大前程@9Gu Xing Xue;Xie Lei @9you ming , yuan da qian cheng@f(英)狄更斯(Dickens,C.)著@g王科一译@b专著 |
| 210 | @a上海@c上海译文出版社@d1990.7 | |
| 215 | @a428页@d19厘米 | |
| 225 | 2 | @a世界文学名著普及本 |
| 410 | 0 | @12001 @a世界文学名著普及本 |
| 606 | 0 | @a长篇小说@y英国@z近代 |
| 690 | @aI561.44 | |
| 701 | 1 | @c(英)@a狄更斯@c(Dickens, Charles@f1812~1870)@9di geng si@4著 |
| 701 | 1 | @aDickens@bC.@4著 |
| 701 | 0 | @a王科一@f(1925~1968)@9wang ke yi@4译 |
| 801 | 0 | @aCN@bAiZhiMarc@c19910730 |
| 905 | @aBZT@dI56@e11@f8@sI56/11 | |
| 孤星血泪;又名,远大前程/(英)狄更斯(Dickens,C.)著/王科一译.-上海:上海译文出版社,1990.7 |
| 428页;19厘米.-(世界文学名著普及本) |
| ISBN 7-5327-0941-8:CNY6.5 |
| ● |
| 相关链接 |
|
|
|
正题名:孤星血泪
索取号:I56/11
 
预约/预借
| 序号 | 登录号 | 条形码 | 馆藏地/架位号 | 状态 | 备注 |
| 1 | 2000039344 | 2000039344 | 旧书回溯/ [索取号:I56/11] | 在馆 | |
| 2 | 2000039345 | 2000039345 | 旧书回溯/ [索取号:I56/11] | 在馆 | |
| 3 | 2000039346 | 2000039346 | 旧书回溯/ [索取号:I56/11] | 在馆 | |
| 4 | 2000102184 | 2000102184 | 旧书回溯/ [索取号:I56/11] | 在馆 | |
| 5 | 2000103102 | 2000103102 | 旧书回溯/ [索取号:I56/11] | 在馆 | |
| 6 | 2000116881 | 2000116881 | 旧书回溯/ [索取号:I56/11] | 在馆 | |
| 7 | 2000123299 | 2000123299 | 旧书回溯/ [索取号:I56/11] | 在馆 | |
| 8 | 2000123300 | 2000123300 | 旧书回溯/ [索取号:I56/11] | 在馆 |